00401nam a2200097Ia 45000010005000000080041000050820026000461000107000722450100001792600024002793875241024s9999 xx 000 0 und d aRD/375.016/R426m/2014 aRepública Dominicana. Ministerio de Educación. Proyecto de actualización y revisión curricular 0aManual para la enseñanza y evaluación orientada al aprendizaje - Desarrollo de competencias bSanto Domingoc2014